Vocabulary Blitz XIX Quiz Stats

 Plays Quiz Updated Jul 1, 2018

Challenge
Share
Tweet
Embed
Score 0/5 Timer 01:00
5 Plays Today
% Correct
optimist
96.1%
ophidian
95.5%
ophthalmologist
75.8%
optometrist
73.9%
optician
67.4%

You're not logged in!

Compare scores with friends on all Sporcle quizzes.
OR
Log In

You Might Also Like...

Show Comments

Extras

Top Quizzes Today


Score Distribution

Your Account Isn't Verified!

In order to create a playlist on Sporcle, you need to verify the email address you used during registration. Go to your Sporcle Settings to finish the process.

Report this User

Report this user for behavior that violates our Community Guidelines.

Details: